LIBRARY & INFORMATION CENTRE, KCAET, TAVANUR

ONLINE PUBLIC ACCESS CATALOGUE (OPAC)

Text book of electricity and magnetism / (Record no. 127)

MARC details
000 -LEADER
fixed length control field 00603cam a2200241ua 4500
041 ## - LANGUAGE CODE
Language code of text/sound track or separate title eng
082 ## - DEWEY DECIMAL CLASSIFICATION NUMBER
Classification number 537
Item number RAM/TE
100 ## - MAIN ENTRY--AUTHOR NAME
Personal name Ramamoorthy, S .
245 ## - TITLE STATEMENT
Title Text book of electricity and magnetism /
250 ## - EDITION STATEMENT
Edition statement 3 /
260 ## - PUBLICATION, DISTRIBUTION, ETC. (IMPRINT)
Place of publication Madras :
Name of publisher The National publishing Co. ,
Year of publication 1964.
300 ## - PHYSICAL DESCRIPTION
Number of Pages 601 ; .
700 1# - ADDED ENTRY--PERSONAL NAME
Personal name Krihnaswami, S .
942 ## - ADDED ENTRY ELEMENTS (KOHA)
Koha item type Books
Holdings
Withdrawn status Lost status Damaged status Home library Current library Date acquired Full call number Accession Number Koha item type
      KAUAET KAUAET 07/04/2012 537 RAM/TE 7723 Books
Withdrawn     KAUAET KAUAET 07/04/2012 537 RAM/TE 7722 Books
Withdrawn     KAUAET KAUAET 07/04/2012 537 RAM/TE 7724 Books
Withdrawn     KAUAET KAUAET 07/04/2012 537 RAM/TE 7726 Books
Withdrawn     KAUAET KAUAET 07/04/2012 537 RAM/TE 7725 Books
free website counter